<?xml version="1.0" encoding="UTF-8"?>
<record
    xmlns:xsi="http://www.w3.org/2001/XMLSchema-instance"
    xsi:schemaLocation="http://www.loc.gov/MARC21/slim http://www.loc.gov/standards/marcxml/schema/MARC21slim.xsd"
    xmlns="http://www.loc.gov/MARC21/slim">

  <leader>00530nam a22001337a 4500</leader>
  <datafield tag="040" ind1=" " ind2=" ">
    <subfield code="c">RUA</subfield>
  </datafield>
  <datafield tag="082" ind1=" " ind2=" ">
    <subfield code="a">FIS CHE 2008 B180 Or.1</subfield>
  </datafield>
  <datafield tag="100" ind1=" " ind2=" ">
    <subfield code="a">CHEA, CHANRAN.</subfield>
  </datafield>
  <datafield tag="245" ind1=" " ind2=" ">
    <subfield code="a">Seed production and nursing of tilapya (tilapya niloticus), &#x1780;&#x17B6;&#x179A;&#x1795;&#x179B;&#x17B7;&#x178F;&#x1780;&#x17BC;&#x1793;&#x178F;&#x17D2;&#x179A;&#x17B8;&#x1796;&#x17BC;&#x1787;&#x1791;&#x17B8;&#x17A1;&#x17B6;&#x1796;&#x17D2;&#x1799;&#x17B6; &#x1793;&#x17B7;&#x1784;&#x1780;&#x17B6;&#x179A;&#x1790;&#x17C2;&#x1794;&#x17C6;&#x1794;&#x17C9;&#x1793;</subfield>
  </datafield>
  <datafield tag="260" ind1=" " ind2=" ">
    <subfield code="a">Phnom Penh</subfield>
    <subfield code="b">RUA</subfield>
    <subfield code="c">2008</subfield>
  </datafield>
  <datafield tag="300" ind1=" " ind2=" ">
    <subfield code="a">xi; 51p.</subfield>
    <subfield code="b">ill.</subfield>
    <subfield code="c">29cm.</subfield>
  </datafield>
  <datafield tag="856" ind1=" " ind2=" ">
    <subfield code="u">https://drive.google.com/file/d/1fM6vEaYEBfHk_JaH7JNF8fkG_UOb61KS/view?usp=sharing</subfield>
  </datafield>
  <datafield tag="942" ind1=" " ind2=" ">
    <subfield code="c">FIS</subfield>
  </datafield>
  <datafield tag="999" ind1=" " ind2=" ">
    <subfield code="c">3891</subfield>
    <subfield code="d">3891</subfield>
  </datafield>
  <datafield tag="952" ind1=" " ind2=" ">
    <subfield code="0">0</subfield>
    <subfield code="1">0</subfield>
    <subfield code="2">ddc</subfield>
    <subfield code="4">0</subfield>
    <subfield code="6">FIS_CHE_2008_000000000000000_B180_OR_1</subfield>
    <subfield code="7">0</subfield>
    <subfield code="9">19610</subfield>
    <subfield code="a">LBB</subfield>
    <subfield code="b">LBB</subfield>
    <subfield code="c">B180</subfield>
    <subfield code="d">2015-12-03</subfield>
    <subfield code="o">FIS CHE 2008 B180 Or.1</subfield>
    <subfield code="p">RUA019650</subfield>
    <subfield code="r">2015-12-03</subfield>
    <subfield code="w">2015-12-03</subfield>
    <subfield code="y">FIS</subfield>
  </datafield>
  <datafield tag="952" ind1=" " ind2=" ">
    <subfield code="0">0</subfield>
    <subfield code="1">0</subfield>
    <subfield code="2">ddc</subfield>
    <subfield code="4">0</subfield>
    <subfield code="6">FIS_CHE_2008_000000000000000_B180_OR_2</subfield>
    <subfield code="7">0</subfield>
    <subfield code="9">19611</subfield>
    <subfield code="a">LBB</subfield>
    <subfield code="b">LBB</subfield>
    <subfield code="c">B180</subfield>
    <subfield code="d">2015-12-03</subfield>
    <subfield code="o">FIS CHE 2008 B180 Or.2</subfield>
    <subfield code="p">RUA019721</subfield>
    <subfield code="r">2015-12-03</subfield>
    <subfield code="w">2015-12-03</subfield>
    <subfield code="y">FIS</subfield>
  </datafield>
  <datafield tag="952" ind1=" " ind2=" ">
    <subfield code="0">0</subfield>
    <subfield code="1">0</subfield>
    <subfield code="2">ddc</subfield>
    <subfield code="4">0</subfield>
    <subfield code="6">FIS_CHE_2008_000000000000000_B180_OR_3</subfield>
    <subfield code="7">0</subfield>
    <subfield code="9">19612</subfield>
    <subfield code="a">LBB</subfield>
    <subfield code="b">LBB</subfield>
    <subfield code="c">B180</subfield>
    <subfield code="d">2015-12-03</subfield>
    <subfield code="o">FIS CHE 2008 B180 Or.3</subfield>
    <subfield code="p">RUA019702</subfield>
    <subfield code="r">2015-12-03</subfield>
    <subfield code="w">2015-12-03</subfield>
    <subfield code="y">FIS</subfield>
  </datafield>
  <datafield tag="952" ind1=" " ind2=" ">
    <subfield code="0">0</subfield>
    <subfield code="1">0</subfield>
    <subfield code="2">ddc</subfield>
    <subfield code="4">0</subfield>
    <subfield code="6">FIS_CHE_2008_000000000000000_B180_OR_4</subfield>
    <subfield code="7">0</subfield>
    <subfield code="9">19613</subfield>
    <subfield code="a">LBB</subfield>
    <subfield code="b">LBC</subfield>
    <subfield code="c">B180</subfield>
    <subfield code="d">2015-12-03</subfield>
    <subfield code="l">1</subfield>
    <subfield code="o">FIS CHE 2008 B180 Or.4</subfield>
    <subfield code="p">RUA019918</subfield>
    <subfield code="r">2017-01-18</subfield>
    <subfield code="s">2017-01-04</subfield>
    <subfield code="w">2015-12-03</subfield>
    <subfield code="y">FIS</subfield>
  </datafield>
  <datafield tag="952" ind1=" " ind2=" ">
    <subfield code="0">0</subfield>
    <subfield code="1">0</subfield>
    <subfield code="2">ddc</subfield>
    <subfield code="4">0</subfield>
    <subfield code="6">FIS_CHE_2008_000000000000000_B180_OR_5</subfield>
    <subfield code="7">0</subfield>
    <subfield code="9">19614</subfield>
    <subfield code="a">LBB</subfield>
    <subfield code="b">LBB</subfield>
    <subfield code="c">B180</subfield>
    <subfield code="d">2015-12-03</subfield>
    <subfield code="o">FIS CHE 2008 B180 Or.5</subfield>
    <subfield code="p">RUA011223</subfield>
    <subfield code="r">2015-12-03</subfield>
    <subfield code="w">2015-12-03</subfield>
    <subfield code="y">FIS</subfield>
  </datafield>
  <datafield tag="952" ind1=" " ind2=" ">
    <subfield code="0">0</subfield>
    <subfield code="1">0</subfield>
    <subfield code="2">ddc</subfield>
    <subfield code="4">0</subfield>
    <subfield code="6">FIS_CHE_2008_000000000000000_B180_OR_6</subfield>
    <subfield code="7">0</subfield>
    <subfield code="9">19615</subfield>
    <subfield code="a">LBB</subfield>
    <subfield code="b">LBB</subfield>
    <subfield code="c">B180</subfield>
    <subfield code="d">2015-12-03</subfield>
    <subfield code="o">FIS CHE 2008 B180 Or.6</subfield>
    <subfield code="p">RUA011079</subfield>
    <subfield code="r">2015-12-03</subfield>
    <subfield code="w">2015-12-03</subfield>
    <subfield code="y">FIS</subfield>
  </datafield>
  <datafield tag="952" ind1=" " ind2=" ">
    <subfield code="0">0</subfield>
    <subfield code="1">0</subfield>
    <subfield code="2">ddc</subfield>
    <subfield code="4">0</subfield>
    <subfield code="6">FIS_CHE_2008_000000000000000_B180_OR_7</subfield>
    <subfield code="7">0</subfield>
    <subfield code="9">19616</subfield>
    <subfield code="a">LBB</subfield>
    <subfield code="b">LBB</subfield>
    <subfield code="c">B180</subfield>
    <subfield code="d">2015-12-03</subfield>
    <subfield code="o">FIS CHE 2008 B180 Or.7</subfield>
    <subfield code="p">RUA011567</subfield>
    <subfield code="r">2015-12-03</subfield>
    <subfield code="w">2015-12-03</subfield>
    <subfield code="y">FIS</subfield>
  </datafield>
  <datafield tag="952" ind1=" " ind2=" ">
    <subfield code="0">0</subfield>
    <subfield code="1">0</subfield>
    <subfield code="2">ddc</subfield>
    <subfield code="4">0</subfield>
    <subfield code="6">FIS_CHE_2008_000000000000000_B180_OR_8</subfield>
    <subfield code="7">0</subfield>
    <subfield code="9">19617</subfield>
    <subfield code="a">LBB</subfield>
    <subfield code="b">LBB</subfield>
    <subfield code="c">B180</subfield>
    <subfield code="d">2015-12-03</subfield>
    <subfield code="o">FIS CHE 2008 B180 Or.8</subfield>
    <subfield code="p">RUA011783</subfield>
    <subfield code="r">2015-12-03</subfield>
    <subfield code="w">2015-12-03</subfield>
    <subfield code="y">FIS</subfield>
  </datafield>
</record>
